000 nam a22 a 4500
999 _c431993
_d431993
003 BLK
005 20210915170914.0
008 210915b bu |||||r|||| 00| | bu d
040 _aBLK
041 _aRUS
_cRUS
080 _aИстория на Русия и СССР. Вж и 936 ; 957
_b94(470)
_z94(470)
100 _91299
_aДжаншиев, Григорий Аветович
_eпърви автор
139 _aДжаншиев, Григорий Аветович
245 _a Эпоха великих реформ
_b(Освобождение крестьян. Отмена телесн. наказ. Университ. автономия. Земство. Цензур. реформа. Гласный суд. Воинская реформа. Город. самоуправление. Из обществ. хрон. Деятели преобр. эпохи) : Ист. справки : С портр. грр. С. С. Ланского, Я. И. Ростовцева, Я. А. Соловьева [и др.]
_cГр. Джаншиев
250 _a7-е изд., доп
257 _aRUS
260 _9464248
_aМосква
_bТипо-лит. К. Ф. Александров
_c1898
300 _aLXX, [2], 896, X с.
_bпортр.
_c23 см
380 _a9
490 _9435080
_aКолекция Редки и ценни издания
504 _aБиблиогр. в примеч.
650 0 _9249447
_aИстория - Русия
852 _aРр 898
_bРц
942 _cKNG
_n0
_s1
944 _aCR
_c2021-09-15
_kВП